Essays in the history of economics (Record no. 23680)
[ view plain ]
| 000 -LEADER | |
|---|---|
| fixed length control field | 00281nam a2200109Ia 4500 |
| 082 ## - DEWEY DECIMAL CLASSIFICATION NUMBER | |
| Classification number | 330.8 |
| Item number | STI |
| 100 ## - MAIN ENTRY--AUTHOR NAME | |
| Personal name | STIGLER, George J |
| 245 #0 - TITLE STATEMENT | |
| Title | Essays in the history of economics |
| 260 ## - PUBLICATION, DISTRIBUTION, ETC. (IMPRINT) | |
| Place of publication | Chicago |
| Name of publisher | University |
| Year of publication | 1965 |
| 942 ## - ADDED ENTRY ELEMENTS (KOHA) | |
| Koha item type | Books |
| Withdrawn status | Lost status | Damaged status | Not for loan | Home library | Current library | Date acquired | Full call number | Accession Number | Koha item type |
|---|---|---|---|---|---|---|---|---|---|
| RRII Library | RRII Library | 16/12/2021 | 330.8 STI | 04378 | Books |